| 000 | 00539nam a2200145Ia 4500 | ||
|---|---|---|---|
| 008 | 150609s9999 xx 000 0 und d | ||
| 050 |
_aBF 698 _b.En59 2015 |
||
| 100 | _aEnriquez, Reyna L. | ||
| 245 |
_aPersonality type and self-esteem level of cosplayers in Muntinlupa/Las Piñas/Parañaque / _cReyna L. Enriquez. |
||
| 260 |
_aLas Piñas, Philippines : _bSISC, _c2015. |
||
| 300 |
_a99 pages : _billustrations ; _c28 cm. |
||
| 500 | _aIncludes bibliographical references and appendices. | ||
| 650 | _aPersonality | ||
| 650 | _aSelf-esteem | ||
| 999 |
_c285078 _d285078 |
||